| Tag |
First Indicator |
Second Indicator |
Subfields |
| LEADER |
00000cas a2200000 a 4500 |
| 001 |
in00000083029 |
| 005 |
20151008055541.0 |
| 008 |
800506c19809999nyubrzp 0 a0eng d |
| 010 |
|
|
|a 81643762
|z sn 80012715
|
| 012 |
|
|
|a 4
|b 3
|k 1
|l 1
|m 0
|
| 022 |
0 |
|
|a 0198-9715
|
| 030 |
|
|
|a CEUSD5
|
| 035 |
|
|
|a (OCoLC)ocm06287967
|
| 035 |
|
|
|a (OCoLC)06287967
|
| 035 |
|
|
|9 AAJ3764AM
|
| 037 |
|
|
|b Pergamon Press Inc., 660 White Plains Rd., Tarrytown, NY 10591-5153
|
| 040 |
|
|
|a NSD
|c NSD
|d COO
|d DLC
|d NST
|d DLC
|d OCL
|d NST
|d AIP
|d NST
|d AIP
|d NST
|d AIP
|d NST
|d NSD
|d NST
|d OCL
|d CUS
|d NSD
|d SYS
|d UtOrBLW
|
| 042 |
|
|
|a nsdp
|a lc
|
| 049 |
|
|
|a TXAM
|
| 050 |
0 |
0 |
|a HT166
|b .C6212
|
| 082 |
0 |
|
|a 307.7/6/02854
|
| 210 |
0 |
|
|a Comput., environ. urban syst.
|
| 222 |
|
0 |
|a Computers, environment and urban systems
|
| 245 |
0 |
0 |
|a Computers, environment and urban systems.
|
| 264 |
|
1 |
|a New York :
|b Pergamon,
|c [1980-]
|
| 264 |
|
4 |
|c ©1980-
|
| 300 |
|
|
|a volumes :
|b illustrations ;
|c 28 cm.
|
| 310 |
|
|
|a Bimonthly,
|b <Jan./Feb. 1993>-
|
| 321 |
|
|
|a Quarterly (irregular)
|
| 336 |
|
|
|a text
|b txt
|2 rdacontent
|
| 337 |
|
|
|a unmediated
|b n
|2 rdamedia
|
| 338 |
|
|
|a volume
|b nc
|2 rdacarrier
|
| 362 |
0 |
|
|a Vol. 5, no. 1/2-
|
| 500 |
|
|
|a Title from cover.
|
| 510 |
2 |
|
|a Computer & control abstracts
|x 0036-8113
|b 1981-
|
| 510 |
2 |
|
|a Electrical & electronics abstracts
|x 0036-8105
|b 1981-
|
| 510 |
2 |
|
|a Electronics and communications abstracts journal (Riverdale)
|x 0361-3313
|
| 510 |
2 |
|
|a Energy information abstracts
|x 0147-6521
|
| 510 |
2 |
|
|a Energy research abstracts
|x 0033-2887
|b 1980-
|
| 510 |
2 |
|
|a Engineering index annual (1968)
|x 0360-8557
|
| 510 |
2 |
|
|a Engineering index bioengineering abstracts
|x 0736-6213
|
| 510 |
2 |
|
|a Engineering index energy abstracts
|x 0093-8408
|
| 510 |
2 |
|
|a Engineering index monthly (1984)
|x 0742-1974
|
| 510 |
2 |
|
|a Environment abstracts
|x 0093-3287
|
| 510 |
2 |
|
|a Excerpta medica
|
| 510 |
2 |
|
|a ISMEC bulletin
|x 0306-0039
|
| 510 |
2 |
|
|a Physics abstracts. Science abstracts. Series A
|x 0036-8091
|b 1981-
|
| 510 |
2 |
|
|a Pollution abstracts with indexes
|x 0032-3624
|
| 510 |
2 |
|
|a Psychological abstracts
|x 0033-2887
|b 1980-
|
| 510 |
2 |
|
|a Safety science abstracts journal
|x 0160-1342
|
| 530 |
|
|
|a Available also by subscription via the World Wide Web.
|
| 650 |
|
0 |
|a City planning
|x Data processing
|x Periodicals.
|
| 650 |
|
0 |
|a Cities and towns
|x Simulation methods
|x Periodicals.
|
| 780 |
0 |
0 |
|t Urban systems
|x 0147-8001
|w (DLC) 79643891
|
| 850 |
|
|
|a AAP
|a AzU
|a CLSU
|a CSt
|a CU
|a CU-SB
|a CaMWU
|a CaOWtU
|a CaQMU
|a CoFS
|a DLC
|a FU
|a GASU
|a ICRL
|a ICarbS
|a IEN
|a IU
|a IaAS
|a InLP
|a InU
|a KMK
|a KyLoU
|
| 891 |
3 |
3 |
|9 853
|8 1
|a v.
|b no.
|u 4
|v r
|i (year)
|w q
|
| 891 |
4 |
0 |
|9 863
|8 1
|a <5>-
|i <1980>-
|x provisional
|
| 891 |
3 |
3 |
|9 853
|8 2
|a v.
|b no.
|u 6
|v r
|i (year)
|w b
|
| 891 |
4 |
0 |
|9 863
|8 2
|a <16>-
|i <1992>-
|x provisional
|
| 936 |
|
|
|a Vol. 17, no.1 (Jan./Feb. 1993) (surrogate) LIC
|
| 948 |
|
|
|a MFHD URL added
|b h
|c 2002/7/30
|d c
|e bsurratt
|f 9:57:35 am
|
| 994 |
|
|
|a E0
|b TXA
|
| 999 |
|
|
|a MARS
|
| 999 |
f |
f |
|s ab5793ba-cfed-33cc-b1cd-3ecc5502e82a
|i 288a8fe1-ad41-3ae3-84c9-7e8f9f2939e9
|t 0
|
| 952 |
f |
f |
|p ric
|a Texas A&M University
|b Rellis Campus
|c Joint Library Facility
|d Remote Storage
|t 0
|e HT166 .C6212
|h Library of Congress classification
|i unmediated -- volume
|k v.11
|l 1986/1987
|m A14811931229
|
| 952 |
f |
f |
|p ric
|a Texas A&M University
|b Rellis Campus
|c Joint Library Facility
|d Remote Storage
|t 0
|e HT166 .C6212
|h Library of Congress classification
|i unmediated -- volume
|k v.13
|l 1989
|m A14815091712
|
| 952 |
f |
f |
|p ric
|a Texas A&M University
|b Rellis Campus
|c Joint Library Facility
|d Remote Storage
|t 0
|e HT166 .C6212
|h Library of Congress classification
|i unmediated -- volume
|k v.9 -v.10
|l 1984/1985-1985/1986
|m A14812482134
|
| 952 |
f |
f |
|p ric
|a Texas A&M University
|b Rellis Campus
|c Joint Library Facility
|d Remote Storage
|t 0
|e HT166 .C6212
|h Library of Congress classification
|i unmediated -- volume
|k v.16
|l 1992
|m A14817000490
|
| 952 |
f |
f |
|p ric
|a Texas A&M University
|b Rellis Campus
|c Joint Library Facility
|d Remote Storage
|t 0
|e HT166 .C6212
|h Library of Congress classification
|i unmediated -- volume
|k v.14
|l 1990
|m A14815086783
|
| 952 |
f |
f |
|p ric
|a Texas A&M University
|b Rellis Campus
|c Joint Library Facility
|d Remote Storage
|t 0
|e HT166 .C6212
|h Library of Congress classification
|i unmediated -- volume
|k v.5-v.6:no.1 & v.7-8
|l 1980-1983
|m A14808567948
|
| 952 |
f |
f |
|p ric
|a Texas A&M University
|b Rellis Campus
|c Joint Library Facility
|d Remote Storage
|t 0
|e HT166 .C6212
|h Library of Congress classification
|i unmediated -- volume
|k v.15
|l 1991
|m A14817000547
|
| 952 |
f |
f |
|p ric
|a Texas A&M University
|b Rellis Campus
|c Joint Library Facility
|d Remote Storage
|t 0
|e HT166 .C6212
|h Library of Congress classification
|i unmediated -- volume
|k v.12
|l 1987/1988
|m A14812482184
|
| 998 |
f |
f |
|a HT166 .C6212
|s v.5-v.6:no.1 (1980-1981), v.7-v.16 (1982-1992)
|t 0
|l Remote Storage
|